000
00304 a2200145 4500
001
177400
020
_a
040
_c
Magnum
100
_a
Sypriano, Lilian
240
1
0
_a
Alonca & juca brito
_l
por
245
1
0
_a
Alonca & juca brito
362
0
_a
1899
697
_a
MAGNITO: IJ/ECOLOGIA
942
_c
BK
999
_c
177400
_d
177400